| 000 | 01094nam0a2200313 i 4500 | ||
|---|---|---|---|
| 001 | RU\NLR\BIBL_A\010191707 | ||
| 005 | 20260406132851.0 | ||
| 010 |
_a9785699662128 _97000 |
||
| 021 |
_aRU _b13-82104 |
||
| 035 | _a(NILC)RuMoRGB-006726917 | ||
| 035 | _a(NLR Aleph) 010191707 | ||
| 090 |
_a10200741 _c10200741 |
||
| 100 | _a20140217d2013 um y0rusy50 ca | ||
| 101 | 1 |
_arus _ceng |
|
| 102 | _aRU | ||
| 105 | _ay|||z|||000ay | ||
| 200 | 1 |
_aРомео и Джульетта _fУильям Шекспир _g[пер. с англ. Б. Пастернака] |
|
| 210 |
_aМосква _cЭксмо _d2013 |
||
| 215 |
_a190 с. _d18 |
||
| 225 | 1 | _aPocket book | |
| 686 | 1 | _aШ6(4Вл)437-62(Лх1293-215) | |
| 700 | 1 |
_4070 _8rus _7ca _aШекспир _bУ. _f1564-1616 _gУильям _3RU\NLR\AUTH\771995 _9112012 |
|
| 702 | 1 |
_4730 _8rus _7ca _aПастернак _bБ.Л. _f1890-1960 _gБорис Леонидович _3RU\NLR\AUTH\7737 _9110152 |
|
| 801 | 0 |
_aRU _bRuMoRKP _c20110503 _gRCR |
|
| 801 | 2 |
_aRU _bРГБ _c20140124 _grcr |
|
| 942 | _cBOOK | ||
| 980 | _aNBR | ||